| 000 | 00529nam a22001697a 4500 | ||
|---|---|---|---|
| 003 | OSt | ||
| 005 | 20251114085814.0 | ||
| 008 | 251114b |||||||| |||| 00| 0 eng d | ||
| 020 | _a0791080919 | ||
| 040 | _cCHELSEA HOUSE PUBLISHERS | ||
| 050 |
_aKF 9430 .R87 2004 _b .R87 2004 |
||
| 245 |
_aWAR ON TERROR/ _cRUSCHMANN, PAUL |
||
| 250 | _a1ST EDITIIN | ||
| 260 |
_aPHILADELPHIA : _bCHELSEA HOUSE PUBLISHERS, _c2004 |
||
| 300 |
_a134 p, _bhardcover, ill.: som col, includes bibliographic and refernces, _c23.4 cm |
||
| 942 |
_2lcc _cBK _n0 |
||
| 999 |
_c9809 _d9809 |
||